| 000 | 00988nam a22002415i 4500 | ||
|---|---|---|---|
| 001 | 176549 | ||
| 003 | ES-MaACL | ||
| 005 | 20230906220120.0 | ||
| 008 | 110121s1949 sp a |||| | spa d | ||
| 080 | _a821.134.2-22"19" | ||
| 100 | 1 |
_aVila-Belda, Vicente. _9144845 |
|
| 245 | 1 | 0 |
_aSeis despistados en busca del amor _b: juguete cómico en tres actos / _coriginal de Vicente Vila-Belda. |
| 260 |
_aMadrid : _b[s. n., _c1949?] |
||
| 300 |
_a61 p. ; _c17 cm. |
||
| 490 | 1 |
_aBiblioteca teatral ; _v131 |
|
| 500 | _aAnteportada ilustrada. | ||
| 500 | _aEstrenado en el Teatro Príncipe, de San Sebastián, el 26 de agosto de 1949, y en el Teatro de la Comedia de Madrid, la noche del 3 de febrero de 1950, por la Compañía Cómicodramática de Gregorio Martínez Sierra. | ||
| 500 | _aEncuadernado con otros títulos. | ||
| 597 | _aEn el lomo: 103-132. | ||
| 830 | 0 |
_aBiblioteca teatral ; _v131 _9190120 |
|
| 852 |
_aES-MaACL _jE-14123 (131) _xOlim P-302 |
||
| 999 |
_c176549 _d176549 |
||